Čarovanie s prútmi a kožou Jana Menkynová dokáže prírodným materiálom vdýchnuť dušu

Bibliographic Details
Main Authors: Menkynová, Jana (Author), Stenchláková, Nela (Author)
Format: Article
Language:Slovak
PhysicalDescription:Fotogr. 5
Subjects:

MARC

LEADER 00000nab a2200000 a 4500
001 vtls000574023
003 SK-MaSNL
005 20260303013049.0
008 160202c1996 xo 0 slo
015 |a SNBRB19rr/mm-uuuuu 
035 |a CL0574161 
040 |a SNKBUCL  |b slo  |c SNKBUCL  |e AACR2 
041 0 |a slo 
044 |a xo  |c SK 
080 |a 745/749.071.1  |2 1981 
080 |a 7.05.071.1  |2 1981 
100 1 |a Menkynová, Jana  |4 aut  |9 333154 
245 1 0 |a Čarovanie s prútmi a kožou  |b Jana Menkynová dokáže prírodným materiálom vdýchnuť dušu  |c Jana Menkynová, Nela Stenchláková 
300 |b Fotogr. 5 
600 1 7 |a Menkynová, Jana  |d 1946-  |2 snkbucl  |9 202487 
655 7 |a články z novín a časopisov  |2 snkbucl  |9 267496 
700 1 |a Stenchláková, Nela  |4 aut  |9 890384 
773 0 |t Slovenská republika víkend  |g Roč. 3, č. 6/33 (9. 2. 1996), s. 11 
850 |a Slovenská národná knižnica v Martine  |a MTA001 
852 |a SNK  |b KIS3GCP 
958 |a RK 
958 |a SK 
992 |a RBX 
999 |c 1600520  |d 1602450